000 003760000a22001450004500
005 20120302064606.0
942 _cBOOK
100 _a Kavade, Shirish shantaram
245 _a Hiranyayog : Ek Abhyasa ( Gulanrao Maharaj viravhit)
260 _aPune : sjree wa,amrak Prakashan ,2002
300 _a96 p.
040 _amar
365 _bRs.40/-
650 _aYog / Hiranya yoga
999 _c362547
_d362544